Pokémon avec une Double Faiblesse (x4) - Statistiques

Statistiques générales
  • Ce quiz a été pris 1 473 fois
    452 depuis la dernière actualisation
  • Le résultat moyen est 92 sur 220
Statistiques - réponses
Gen x4 sur ? Réponse % Correct
1/6 Roche Dracaufeu / Méga-Dracaufeu Y
81%
1 Plante, Eau Gravalanch
77%
7 Sol Gravalanch forme d'Alola
77%
1 Plante, Eau Grolem
77%
7 Sol Grolem forme d'Alola
77%
1 Plante, Eau Racaillou
77%
7 Sol Racaillou forme d'Alola
77%
1 Roche Sulfura
74%
1 Glace Dracolosse
70%
1 Roche Artikodin
69%
1 Roche Papilusion
69%
1 Plante, Eau Onix
67%
1 Plante, Eau Rhinocorne
66%
1 Plante, Eau Rhinoféros
65%
1 Feu, Vol Paras
64%
1 Feu, Vol Parasect
64%
3/6 Glace Drattak / Méga-Drattak
61%
1 Electrik Léviator
61%
4 Plante, Eau Rhinastoc
60%
3 Sol, Combat Galeking
59%
3/6 Plante Laggron / Méga-Laggron
59%
3 Sol, Combat Galegon
58%
3 Sol, Combat Galekid
58%
1 Plante Amonistar
57%
1 Plante Amonita
57%
4/6 Glace Carchacrok / Méga-Carchacrok
57%
2/6 Feu Cizayox / Méga-Cizayox
57%
1 Plante Kabuto
57%
1 Plante Kabutops
57%
3/6 Glace / **Glace** Rayquaza / Méga-Rayquaza
57%
3 Electrik Bekipan
56%
4/6 Feu Blizzaroi / Méga-Blizzaroi
56%
1 Sol Magnéti
56%
1 Sol Magnéton
56%
5 Feu, Vol Manternel
56%
4 Feu Blizzi
55%
3 Electrik Goélise
55%
4 Glace Carmache
54%
5 Feu, Vol Couverdure
54%
4 Glace Griknot
54%
2 Roche Ho-Oh
54%
1 Roche Insécateur
54%
7 Feu, Combat Sabelette forme d'Alola
54%
7 Feu, Combat Sablaireau forme d'Alola
54%
2/6 Combat Tyranocif / Méga-Tyranocif
54%
5 Feu, Vol Larveyette
53%
3 Glace Libégon
53%
1 Insecte Noadkoko
53%
7 Glace Noadkoko forme d'Alola
53%
4 Glace Torterra
53%
6 Roche Flambusard
52%
4 Sol Magnézone
52%
1 Insecte Noeunoeuf
52%
4 Combat Dimoret
51%
3 Plante Flobio
51%
3 Glace Altaria
50%
2 Combat Farfuret
50%
8 Psy Farfuret forme d'Hisui
50%
7 Acier Feunard forme d'Alola
50%
2 Plante Maraiste
50%
6 **Eau** Primo-Groudon
50%
3 Glace Vibraninf
50%
2 Plante Axoloto
49%
3/6 Eau Camérupt / Méga-Camérupt
49%
2 Insecte Célebi
49%
3 Eau Chamallot
48%
3 Roche Charmillon
48%
5 Fée Diamat
48%
6 Glace Méga-Jungko
48%
7 Combat Rattatac forme d'Alola
48%
7 Combat Rattata forme d'Alola
48%
2/6 Vol Scarhino / Méga-Scarhino
48%
2 Glace Scorplane
48%
4 Glace Scorvol
48%
5 Fée Solochi
48%
5 Fée Trioxhydre
48%
4 Sol, Combat Bastiodon
47%
6 Roche Braisillon
47%
3 Vol Chapignon
47%
4 Feu Cheniselle cape Déchet
47%
4 Feu, Vol Cheniselle cape Plante
47%
4 Sol Heatran
47%
5 Electrik Lakmécygne
47%
3 Plante Barbicha
46%
4 Psy Coatox
46%
4 Sol, Combat Dinoclier
46%
3 Insecte Tengalice
46%
3 Glace Tropius
46%
5 Electrik Couaneton
45%
6 Insecte Hoopa forme Déchaînée
45%
6 Spectre, Ténèbres Hoopa forme Enchaînée
45%
4 Roche Papilord
45%
3 Plante Barloche
44%
2 Glace Cotovol
44%
2 Plante, Eau Embrylex
44%
2 Glace Floravol
44%
6 Roche Méga-Scarabrute
44%
5 Feu Noacier
44%
3 Insecte Pifeuil
44%
2 Eau, Sol Volcaropod
44%
2 Plante, Eau Ymphect
44%
2 Roche Coxy
43%
2 Roche Coxyclaque
43%
4 Psy Cradopaud
43%
6 Acier, Combat Dragmara
43%
2 Glace Granivol
43%
8 Combat Ixon
43%
6 Acier, Combat Amagara
42%
5 Plante Batracné
42%
5 Plante Crapustule
42%
2 Feu Foretress
42%
8 Combat Linéon forme de Galar
42%
6 Roche Prismillon (toutes les formes)
42%
5 Roche Pyrax
42%
4 Plante Tritosor (deux formes)
42%
8 Combat Zigzaton forme de Galar
42%
2 Electrik Démanta
41%
5 Feu Grindur
41%
5 Roche Pyronille
41%
2 Roche Yanma
41%
2 Roche Cadoizo
40%
5 Glace Démétéros (deux formes)
40%
5 Poison Farfaduvet
40%
4 Glace Shaymin forme Céleste
40%
4 Roche Yanméga
40%
4 Roche Apireine
39%
5 Fée Baggaïd
39%
5 Fée Baggiguane
39%
5 Plante Carapagos
39%
6 Acier Diancie / Méga-Diancie
39%
5 Poison Doudouvet
39%
4 **Sol** Motisma forme Chaleur
39%
4 Sol, Combat Tarinorme
39%
4 Roche Apitrini
38%
3 Insecte Cacturne
38%
5 Feu Genesect
38%
5 Plante Mégapagos
38%
4 Electrik Babimanta
37%
7 Spectre, Ténèbres Lunala
37%
3 Plante Relicanth
37%
5 Combat Scalpion
37%
5 Combat Scalproie
37%
5 Vol Viridium
37%
6 Vol Blindépique
36%
5 Feu Fermite
36%
8 Sol Arcanin forme d'Hisui
35%
6 Glace Bruyverne
35%
8 Sol Caninos forme d'Hisui
35%
7 Fée Ékaïser
35%
3 Roche Maskadra
35%
6 Insecte Sepiatroce
35%
5 Feu Lançargot
34%
6 Insecte Sepiatop
34%
6 Glace Sonistrelle
34%
6 Acier Strassie
34%
8 Eau, Sol Wagomine
34%
6/7 Glace Zygarde (toutes les formes)
34%
8 Feu, Roche Beldeneige
33%
7 Vol Cancrelove
33%
2 Plante Corayon
33%
7 Fée Écaïd
33%
8 Psy Farfurex
33%
8 Eau, Sol Monthracite
33%
7 Vol Mouscoto
33%
7 Feu Katagami
32%
3 Roche Ninjask
32%
6 Fée Pandarbare
32%
8 Acier, Combat Séracrawl forme d'Hisui
32%
7 Combat, Sol Ama-Ama
31%
8 Glace Dratatin
30%
6 Plante Golgopathe
30%
9 Combat Scalpereur
30%
7 Glace Brindibou
29%
7 Fée Engloutyran
29%
8 Vol Fragilady forme d'Hisui
29%
6 Plante Opermine
29%
7 Sol Zeroïd
29%
7 Glace Efflèche
28%
7 Sol Malamandre
28%
8 Glace Pomdrapi
28%
8 Glace Verpom
28%
8 Roche Darumacho mode Transe, forme de Galar
27%
8 Feu, Roche Frissonille
27%
7 Sol Tritox
27%
7 Poison Tokotoro
26%
8 Vol Archéduc forme d'Hisui
25%
8 Roche Grillepattes
25%
7 Spectre, Ténèbres Necrozma forme Ailes de l'Aurore
25%
9 Glace Pomdorochi
25%
8 Roche Scolocendre
25%
8 Insecte Sylveroy
25%
8 Spectre, Ténèbres Sylveroy, le Cavalier d'Effroi
25%
7 Poison Lampignon
24%
9 Glace Pomdramour
24%
8 Sol Salarsen
24%
8 Electrik Nigosier
23%
7 Poison Spododo
23%
7 Roche Plumeline forme Flamenco
22%
8 Plante Torgamord
22%
8 Sol Toxizap
22%
9 Insecte Vert-de-Fer
22%
9 Fée Koraidon
21%
8 Insecte Zarude (deux formes)
21%
9 Fée Rugit-Lune
20%
8 Fée Shifours style Poing Final
20%
9 Sol Vrombi
20%
9 Sol Vrombotor
20%
9 Combat Baojian
19%
9 Psy Félicanis
19%
9 Insecte Miascarade
19%
9 Glace Terracool
18%
9 Glace Terracruel
18%
7 Sol Togedemaru
17%
9 Sol Floréclat
16%
9 Insecte Chongjian
15%
9 Sol Épine-de-Fer
15%
9 Insecte Fongus-Furie
15%
9 Sol Germéclat
15%
9 Sol Mite-de-Fer
15%
9 Vol Rampe-Ailes
13%
Aucun quiz correspondant
Distribution des résultats
% des personnes avec chaque résultat
Percentile par nombre de réponses
Votre historique - résultats
Vous n’avez pas pris ce quiz depuis la dernière actualisation